Nấm mốc và phương pháp phòng chống /

Những đặc điểm sinh học của nấm mốc. Độc tố nấm mốc. Phòng chống nấm mốc và độc tố nấm mốc. Các hợp chất hóa học phòng chống nấm mốc và một số vi nấm có hại khác.

Guardat en:
Dades bibliogràfiques
Autor principal: Bùi Xuân Đồng, GS.
Altres autors: Hà Huy Kế, PGS.
Format: Llibre
Idioma:Vietnamese
Publicat: Hà Nội : Khoa học và kỹ thuật, 1999.
Matèries:
Etiquetes: Afegir etiqueta
Sense etiquetes, Sigues el primer a etiquetar aquest registre!
Thư viện lưu trữ: Mạng thư viện Đại học Đà Nẵng
LEADER 01158cam a2200361 i 4500
001 000044320
003 2687
005 20040804100423.0
008 010315b1999 vm 000 vie
020 |c 21000 
022 |a T 
040 |a IRC  |c IRC  |d IRC 
041 0 |a vie 
082 1 4 |a 579.5  |b BU-Đ 
100 1 |a Bùi Xuân Đồng,  |c GS. 
245 0 0 |a Nấm mốc và phương pháp phòng chống /  |c Bùi Xuân Đồng, Hà Huy Kế. 
260 |a Hà Nội :  |b Khoa học và kỹ thuật,  |c 1999. 
300 |a 327tr. ;  |c 19cm. 
520 3 |a Những đặc điểm sinh học của nấm mốc. Độc tố nấm mốc. Phòng chống nấm mốc và độc tố nấm mốc. Các hợp chất hóa học phòng chống nấm mốc và một số vi nấm có hại khác. 
630 0 4 |a Nấm mốc. 
630 0 4 |a Vi sinh vật. 
650 0 4 |a Nấm mốc  |x Phòng chống. 
700 1 |a Hà Huy Kế,  |c PGS. 
OWN |a DUT 
999 |a From the UDN01 
TYP |a Monograph 
TYP |a Printed language 
980 |a Mạng thư viện Đại học Đà Nẵng